Parlimen Malaysia

Bibliographic Details
Main Author: Mohd Salleh Abas
Format: Book
Language:Malay
Published: Kuala Lumpur : Dewan Bahasa dan Pustaka , 1989
Subjects:

MARC

LEADER 00000cam a2200000 7i4500
001 0000009017
005 20161109.0
008 161027 my may
020 |a 9836206647 
040 |a INS 
090 0 0 |a JQ717   |b M64 1989 
100 0 |a Mohd Salleh Abas 
245 1 0 |a Parlimen Malaysia   |c Tun Salleh Abas 
260 |a Kuala Lumpur :   |b Dewan Bahasa dan Pustaka ,   |c 1989 
300 |a ix, 82ms ;   |c 19cm. 
650 0 |a Parliament   |z Malaysia 
999 |a 0000022908   |b BOOK   |c Open Shelf   |e Default branch